000 02583nam0a2200385 4500
001 RU\NLR\BIBL_A\022554672
005 20260420045211.0
010 _a978-5-16-020308-9
_bprint
_9500
021 _aRU
_bКН-П-25-019565
_9КН-П-25-1977
035 _a(NLR Aleph) 022554672
090 _a13673908
_c13673908
100 _a20250530d2025 u y0rusy50 ca
101 0 _arus
102 _aRU
105 _aa j 000yy
181 0 _ai
_baxxe
182 0 _an
200 1 _aАнглийский язык для специалистов лесопаркового хозяйства
_dEnglish for forest parks
_eучебник
_eпо специальности среднего образования, входящей в укрупненную группу 35.00.00 "Сельское, лесное и рыбное хозяйство", 35.02.01 "Лесное и лесопарковое хозяйство"
_fО. Н. Анюшенкова
_gФедеральное государственное образовательное бюджетное учреждение высшего образования "Финансовый университет при Правительстве Российской Федерации", Кафедра английского языка и профессиональной коммуникации
_zeng
203 _aТекст
_bвизуальный
_cнепосредственный
210 _aМосква
_cИНФРА-М
_d2025
215 _a421 с.
_cил., табл.
_d22
225 1 _aСреднее профессиональное образование
300 _aНа обороте тит. с. авт.: Анюшенкова О. Н., ст. преподаватель
300 _aНа тит. с.: Электрон.-библ. система znanium
320 _aБиблиогр.: с. 421 (11 назв.)
510 1 _6z44790
_aEnglish for forest parks
_zeng
606 1 _aАнглийский язык
_xУчебные издания для лесной отрасли
_92406768
_3RU\NLR\AUTH\661434287
606 1 _aАнглийский язык
_jУчебники для среднего профессионального образования
_9972309
_3RU\NLR\AUTH\6646032
686 1 _aШ143.21-93рус227
700 1 _7ca
_8rus
_aАнюшенкова
_bО. Н.
_gОльга Николаевна
_9269624
_3RU\NLR\AUTH\770269680
790 1 _7ba
_8rus
_aAnjušenkova
_bO. N.
_gOl'ga Nikolaevna
_9269626
_3RU\NLR\AUTH\770269682
942 _cBOOK
980 _aNB